Logo BPK

Biblioteka

Politechniki Koszalińskiej

Zbiór przykładów z rachunkowości zarządczej z rozwiązaniami / (Rekord nr 35830)

Szczegóły MARC
000 -ETYKIETA REKORDU
podpole kontrolne o stałej długości 00695nam a2200229 i 4500
001 - NUMER KONTROLNY REKORDU
pole kontrolne bg
020 ## - MIĘDZYNARODOWY ZNORMALIZOWANY NUMER KSIĄŻKI - ISBN
ISBN 8386141603
040 ## - ŹRÓDŁO KATALOGOWANIA
Instytucja, która utworzyła rekord BPK
041 0# - KOD JĘZYKA
Kod języka tekstu pl
080 ## - UNIWERSALNA KLASYFIKACJA DZIESIĘTNA - UKD
UKD 657::66/69:658.14/.17.011
920 ## - Międzynarodowy znormalizowany numer książki – ISBN
ISBN 83-86141-60-3
008 - POLE O STAŁEJ DŁUGOŚCI - DANE KONTROLNE
podpole kontrolne o stałej długości s pl f |000 0 pol
100 1# - NAZWA OSOBOWA
Nazwa osobowa WERMUT, Janina
245 #0 - TYTUŁ/ODPOWIEDZIALNOŚĆ
Tytuł Zbiór przykładów z rachunkowości zarządczej z rozwiązaniami /
Pozostałe elementy strefy tytułu i oznaczenia odpowiedzialności Janina Wermut.
260 ## - STREFA ADRESU WYDAWNICZEGO
Miejsce wydania Gdańsk :
Nazwa wydawcy/dystrybutora Ośrodek Doradztwa i Doskonalenia Kadr,
Data publikacji, dystrybucji/powstania dokumentu 1999.
300 ## - STREFA OPISU FIZYCZNEGO
Objętość 151 s. :
Inne cechy fizyczne rys., wykr. ;
Rozmiary 21 cm.
650 #9 - HASŁO PRZEDMIOTOWE W FORMIE NAZWY OGÓLNEJ LUB JEDNOSTKOWEJ
Nazwa ogólna lub geograficzna Decyzje
Określnik ogólny gospodarka
650 #9 - HASŁO PRZEDMIOTOWE W FORMIE NAZWY OGÓLNEJ LUB JEDNOSTKOWEJ
Nazwa ogólna lub geograficzna Koszty
Określnik ogólny przemysł
650 #9 - HASŁO PRZEDMIOTOWE W FORMIE NAZWY OGÓLNEJ LUB JEDNOSTKOWEJ
Nazwa ogólna lub geograficzna Rachunek ekonomiczny
Określnik ogólny przemysł
650 #9 - HASŁO PRZEDMIOTOWE W FORMIE NAZWY OGÓLNEJ LUB JEDNOSTKOWEJ
Nazwa ogólna lub geograficzna Rachunkowość przemysłowa
856 ## - LOKALIZACJA I DOSTĘP DO ELEKTRONICZNYCH DOKUMENTÓW ZDALNYCH
Link (URL) http://koha.tu.koszalin.pl/cgi-bin/koha/opac-detail.pl?biblionumber=35830
Tekst linku Katalog online BPK
942 ## - DODATKOWE ELEMENTY (KOHA)
Typ dokumentu Książka
Egzemplarze
Wycofany Status egzemplarza Uszkodzony Dostępność Lokalizacja stała Lokalizacja bieżąca Miejsce przechowywania Sygnatura Kod kreskowy Typ dokumentu
      Dostępny Biblioteka Politechniki Koszalińskiej Biblioteka Politechniki Koszalińskiej Wypożyczalnia BG 48802 01415223 Książka
© 2023 Biblioteka Politechniki Koszalińskiej :: KOHA